000
00283nam a2200097Ia 4500
008
230915s9999 xx 000 0 und d
050
_a
HF5823.B45.C.1
100
_a
GEORGE E.BELCH
245
0
_a
ADVERTISING AND PROMOTION: AN INTEGRATED MARKETING COMMUNICATIONS PERSPECTIVE
942
_c
BK
999
_c
85977
_d
85977